[Event "Escaldes zt"]
[Site "Escaldes"]
[Date "1998.11.11"]
[Round "6"]
[White "Lautier, Joel"]
[Black "Piket, Jeroen"]
[Result "1/2-1/2"]
[WhiteElo "2625"]
[BlackElo "2605"]
[Annotator "Mueller,Karsten"]
[PlyCount "83"]
[EventDate "1998.11.06"]
[EventType "swiss"]
[EventRounds "9"]
[EventCountry "AND"]
[SourceTitle "CBM 068"]
[Source "ChessBase"]
[SourceDate "1999.02.01"]
[SourceVersion "1"]
[SourceVersionDate "1999.02.01"]
[SourceQuality "1"]

1. d4 Nf6 2. c4 e6 3. Nf3 d5 4. Nc3 c5 5. cxd5 Nxd5 6. e3 Nc6 7. Bd3 cxd4 8.
exd4 Bb4 9. Bd2 O-O 10. O-O Be7 11. a3 Bf6 12. Qc2 g6 13. Bh6 (13. Rad1 Qb6 14.
Bh6 Rd8 15. Be4 Nce7 16. Ne5 Nf5 17. Bxf5 exf5 18. Rfe1 Be6 $11 {1/2-1/2
Peptan,C-Chiburdanidze,M/Erevan 1996/EXT 96ch2 (45)}) 13... Re8 (13... Bg7 14.
Bxg7 Kxg7 15. Be4 (15. Rad1 Nce7 16. h4 $14 {1-0 Adams,M-Berg,K/Oostende 1991/
EXP 26 (33)}) 15... Nce7 16. Rfe1 (16. Rad1 b6 17. Rfe1 Bb7 18. Qd2 Nxc3 19.
Qxc3 Rc8 20. Qd2 Bxe4 21. Rxe4 Nd5 $11 {1/2-1/2 Martin,A-Rechlis,G/London 1987/
TD 87\02 (28)}) 16... Qd6 (16... Nf6 17. Rad1 Rb8 18. Ne5 $14 {1-0 Glek,
I-Pyhala,A/Odessa 1989/TD 89\09 (60)}) 17. Ne5 Bd7 18. Qd2 $14 {1-0 Cvitan,
O-Landenbergue,C/Liechtenstein 1994/EXT 94op (50)}) 14. Rad1 Nxc3 15. bxc3 (15.
Qxc3 Bd7 16. Be4 Rc8 17. Qd2 Na5 18. Qf4 $14 {1-0 Dizdar,G-Rodriguez,A/
Belgrade 1988/CBM 10 (33)}) 15... Bd7 (15... b6 16. Be4 Bb7 17. d5 exd5 18.
Bxd5 Qc7 19. Qa4 Na5 $132 {1/2-1/2 Kosten,A-Rogers,I/London 1988/TD 88\02 (57)}
) 16. Rfe1 Rc8 17. Qd2 (17. Qb2 Qc7 18. Nd2 Na5 {1/2-1/2 Payen,A-Eperjesi,L/
Cannes 1990/EXT 90op (18)}) 17... Ne7 18. Ne5 b5 19. Re3 (19. Ng4 $5) 19... Nd5
20. Rf3 Rxc3 21. Rxf6 (21. Bxg6 hxg6 (21... Rxf3 $2 22. Bxf7+ Kh8 23. Nxf3 $18)
22. Rxc3 Nxc3 23. Qxc3 $11) 21... Qxf6 22. Nxd7 Qxd4 23. Qe2 $6 (23. Bxb5 $5 {
führt zu interessanten Verwicklungen} Qxd2 24. Rxd2 (24. Bxd2 $2 Rxa3 $17)
24... Rec8 25. a4 Rc1+ 26. Bf1 Ra1 27. Rd4 $132) 23... Qh4 ({Warum nicht
einfach} 23... Rxa3 {?}) 24. Bd2 Rd8 ({auch an dieser Stelle kam} 24... Rxa3 {
in Betracht. Allerdings wirken sich die eingeschobenen Züge für Weiß günstig
aus, z.B.} 25. Bxb5 Rc8 26. g3 Qh3 27. Bc4 $13) 25. Bxb5 Rc7 26. Ne5 Nc3 27.
Bxc3 Rxc3 28. Re1 Qg5 (28... Rxa3 $2 29. Qb2 $18) 29. a4 Qd2 {Schwarz möchte
nach wie vor die Damen tauschen. Dies bringt nun allerdings keinen wirklichen
Vorteil mehr, weil Weiß seinen a-Bauern verteidigen kann.} 30. g3 Qxe2 31. Rxe2
Rd6 32. Re4 Kf8 33. Rf4 f5 34. Rb4 Rd5 35. Nc4 Rd4 36. Ba6 Ke7 37. Rb7+ Rd7 38.
Rb8 ({Auf} 38. Rxd7+ Kxd7 39. f4 Rc2 {sollte sich Weiß nicht einlassen.}) 38...
Rd8 39. Rb2 Rd4 40. Rb7+ Rd7 41. Rb8 Rd8 42. Rb7+ 1/2-1/2

[Event "Samba Cup 2nd"]
[Site "Skanderborg"]
[Date "2005.10.15"]
[Round "2"]
[White "Nisipeanu, Liviu Dieter"]
[Black "Jobava, Baadur"]
[Result "0-1"]
[WhiteElo "2707"]
[BlackElo "2601"]
[Annotator "Dautov,R"]
[PlyCount "76"]
[EventDate "2005.10.14"]
[EventType "tourn"]
[EventRounds "9"]
[EventCountry "DEN"]
[EventCategory "16"]
[SourceTitle "CBM 110"]
[Source "ChessBase"]
[SourceDate "2006.01.31"]
[SourceVersion "1"]
[SourceVersionDate "2006.01.31"]
[SourceQuality "1"]

1. e4 c6 2. d4 d5 3. exd5 cxd5 4. c4 Nf6 5. Nc3 e6 6. Nf3 Bb4 7. cxd5 Nxd5 8.
Qc2 Nc6 9. Be2 Nce7 {Dieser interessante Zug ist eine Erfindung des russischen
IMs R.Ovetchkin. Schwarz stellt seine Rochade zurück und plant die schnelle
Entwicklung seines Damenflügels mittels Bd7 und Rc8.} (9... O-O 10. O-O Be7 {
ist im Augenblick die populärste Fortsetzung.}) 10. O-O (10. a3 Bd6 11. Bg5 O-O
12. O-O h6 13. Bh4 Qc7 14. Bd3 Nxc3 15. bxc3 Nf5 $1 16. Bg3 Nxg3 17. hxg3 b6
18. Bh7+ Kh8 19. Be4 Rb8 20. c4 Ba6 $11 {Adams,M (2718)-Riazantsev,A (2603)/
Bastia 2005}) 10... Bd7 11. a3 (11. Ne5 O-O (11... Rc8 $5 12. Bd2 O-O $11) 12.
Qb3 Bc6 13. Bg5 {Ulibin,M (2562)-Ovetchkin,R (2535)/Russia 2003} Qb6 $1 14.
Bxe7 Bxe7 $1 15. Nxd5 Bxd5 16. Qxb6 axb6 17. Nd7 Rfd8 18. Nxb6 Ra5 $11) 11...
Bd6 12. Ne4 Bc6 {Wie in den Beispielpartien hat Schwarz nichts dagegen, sein
Läuferpaar gegen das weiße Springerpaar einzutauschen.} 13. Nxd6+ (13. Ne5 h6 {
/\0-0} (13... O-O $5 14. Ng5 Nf6) 14. b4 a6 15. Nxc6 Nxc6 16. Bb2 Rc8 $11 {
Kobalia,M (2573)-Ovetchkin,R (2505)/Moscow 1999}) 13... Qxd6 14. Ne5 O-O 15.
Bd3 Nf6 16. Be3 Rac8 17. Qc5 Qd5 $1 $11 {Selbstverständlich will Jobava seine
Dame nicht auf c5 tauschen.} 18. f3 $6 {Vorzuziehen war der unmittelbare
Tausch auf c6, mit dem Textzug schwächt Weiß seine Bauernkette.} (18. Nxc6 Nxc6
$11) 18... Ng6 $1 19. Rac1 (19. Nxg6 hxg6 20. Qxa7 $2 Nd7 21. Be4 Qb3 $17) (19.
Bxg6 hxg6 20. Qxa7 Qb3 $15) (19. Nxc6 Rxc6 20. Qb4 Rb6 21. Qd2 $11) 19... Nxe5
20. dxe5 Qxd3 21. exf6 gxf6 22. Qxa7 Rfd8 {Die entstandene Stellung ist zwar
ausgeglichen, aber Schwarz hat auf Dauer die besseren Aussichten, da sein
Läufer stark ist und sein König sicherer steht.} 23. Bf2 Qg6 24. Bg3 Rd2 25.
Rf2 Rcd8 26. Qe3 R2d3 27. Qe2 h5 $15 {Nach der Übernahme der d-Linie diktiert
Schwarz das Geschehen.} 28. Re1 R8d4 29. Bc7 Bb5 (29... h4 $5 $15) 30. Bb6 Rd6
31. Ba5 R6d5 32. Qc2 Bc6 33. Bc3 f5 34. Kh1 f4 35. Rg1 h4 36. h3 e5 37. Re2 Qe6
$2 {Ein Fehler, der überraschenderweise zu einem schnellen Sieg führt. Mit dem
korrekten 37...f6 könnte Schwarz seinen Druck aufrechterhalten.} (37... f6 $15)
38. Rxe5 $4 {[%mdl 8192]} ({Mit} 38. Bxe5 $1 {hätte Weiß einen Bauern gewinnen
können.} Re3 39. Rxe3 fxe3 40. Bc3 $14) 38... Rxc3 0-1

[Event "Poikovsky Karpov 11th"]
[Site "Poikovsky"]
[Date "2010.06.12"]
[Round "10"]
[White "Naiditsch, Arkadij"]
[Black "Bologan, Viktor"]
[Result "0-1"]
[WhiteElo "2686"]
[BlackElo "2668"]
[Annotator "Bologan,V"]
[PlyCount "104"]
[EventDate "2010.06.02"]
[EventType "tourn"]
[EventRounds "11"]
[EventCountry "RUS"]
[EventCategory "18"]
[SourceTitle "CBM 137"]
[Source "ChessBase"]
[SourceDate "2010.07.15"]
[SourceVersion "1"]
[SourceVersionDate "2010.07.15"]
[SourceQuality "1"]

1. e4 c6 2. d4 d5 3. exd5 cxd5 4. c4 Nf6 5. Nc3 e6 6. Nf3 Bb4 7. cxd5 Nxd5 8.
Qc2 Nc6 9. a3 {Less then a month ago, in the prestigious Sarajevo Open
Tournament, the Panov Attack brought me a very important win in the last round,
which brought me to a shared 2-3 places. Kovacevic went for the setup with the
bishop on e2.} (9. Be2 Bd7 10. O-O Nce7 11. a3 Bd6 12. Ne4 Bc6 {it's important
to make this maneuvre before castling.} 13. Ne5 Rc8 14. Nxd6+ Qxd6 15. Bd2 O-O
16. Qd3 Rfd8 17. Rac1 Be8 18. Rxc8 Rxc8 19. Rc1 Rxc1+ 20. Bxc1 f6 21. Nc4 Qc7 {
Kovacevic,A - Bologan,V, Sarajevo BIH 40th Bosna Open}) 9... Ba5 {Preparing
for the game I decided, that the bishop is better placed on a5 than on e7.} 10.
Bd3 h6 11. O-O O-O 12. Bh7+ {The idea is, before playing Be4, to spoil Black's
king position.} (12. Rd1 {has been played more often:} Nce7 13. Ne5 Bd7 14. Ne4
{and now Black has a pleasant choice between} Nf5 ({and} 14... Bc7 15. Qe2 (15.
Nxd7 Qxd7 {1/2-1/2, Brkic A - Lalic B , 18th TCh-CRO}) 15... Nf5 16. Nc5 Bc8
17. Bxf5 exf5 18. Qf3 b6 19. Ncd3 Be6 20. Bf4 g5 21. Bd2 Kg7 22. Rac1 f6 23.
Nc4 f4 $15 {Rechlis G - Rodshtein M, TCh-ISR}) 15. Nc5 Bc8 16. b4 Bc7 17. Bb2
b6 18. Ne4 Bb7 19. g3 Rc8 20. Qe2 Qe7 21. Rac1 Bb8 22. b5 Rxc1 23. Rxc1 Rd8 24.
Nc6 Bxc6 25. bxc6 Nc7 $13 {Ghaem Maghami E - Karpov Ana, Mate of the King Blitz
}) 12... Kh8 13. Be4 Nce7 14. Rd1 Bd7 (14... Bc7 $5) 15. Ne5 Rc8 $5 {This move
I briefly looked at before the game, since I had to go through many other
lines. I simply remembered, that I still have this tempo for my own threats
before I start to defend.} (15... f6 16. Nxd7 Qxd7 17. Qd3 Rac8 18. Bd2 Bb6 19.
Bf3 $14 {Naiditsch A - Grischuk A, 16th ORDIX Open}) 16. Rd3 {Revealing the
concept of White's play - attack on the king!} (16. Bd2 Be8 17. Rac1 f6 18. Nd3
Bb6 $13) 16... Be8 ({After} 16... f6 17. Nxd7 Qxd7 18. Qa4 Nc6 19. Bd2 {
I would get into a slightly inferior position.}) 17. Rh3 f5 $1 {I am not sure,
whether Black has any other sufficient defence.} 18. Bxd5 {Wasting a lot of
time; my opponent doesn't catch the critical nuance of the position - you
simply cannot play with the rook on h3. Either you are attacking or you are
worse.} (18. Bxh6 $1 {The attack would bring only a draw which still is better
than nothing:} gxh6 (18... fxe4 19. Qxe4 Nf6 20. Qf4 Nf5 21. Bxg7+ Kg8 22. Bxf8
Kxf8 23. Rd1 $18) 19. Qd2 Ng8 (19... Rf6 20. Bxd5 Bxc3 21. bxc3 exd5 22. Rxh6+
Rxh6 23. Qxh6+ Kg8 24. Re1 $40) 20. Rxh6+ Kg7 21. Rh3 Rxc3 22. bxc3 fxe4 23.
Rg3+ Kh7 24. Rh3+ $11) 18... Nxd5 19. Bd2 Nf6 $1 {I like those multi-tasking
moves. Beside the threat of winning the pawn on d4, the knight gets closer to
the black king and he can also move to e4 or g4.} 20. Qb3 (20. Qd3 Kg8 (20...
Ng4 21. Bf4 (21. Nxg4 fxg4 22. Re3 Bb6) 21... Kg8 22. Rg3 Bc7 $13) 21. Bf4 Bb6
22. Rd1 Bh5 23. f3 Be8 $15) 20... Ng4 $1 {Sharpening the situation to a
maximum.} (20... Qxd4 21. Qxe6 Qxd2 22. Qxc8 Qxb2 23. Rd1 Qxa3 24. Nd5 Qd6 25.
Nc4 $16 {I was also considering.}) (20... Qb6 {!?} 21. Qxb6 Bxb6 22. Rd3 Rd8
23. Be3 Nd5 24. Nxd5 Rxd5 {but after} 25. f4 {White has good chances for a
draw.}) 21. Nf3 (21. Qxe6 Rf6 22. Qb3 Qxd4 23. Nxg4 fxg4 24. Be3 Qc4 25. Qxc4
Rxc4 26. Rh4 Rfc6 $15) 21... e5 $1 {After this pawn sacrifice Black secures
his positional advantage due to a very badly placed rook on h3.} (21... Bf7 22.
Rd1 e5 $17) 22. dxe5 Qb6 {This was the part of the game I especially liked. It
was the 10th round and the risk of a big blunder was floating in the air.
After the queen exchange these risks are considerably minimised.} 23. Qxb6 Bxb6
24. Be1 Bc6 $17 25. Rd1 Rcd8 $1 {A last important decision, after which White
has no chance to get the rook back into the game without material losses.} 26.
Rxd8 Rxd8 27. Rh5 g6 28. Rh4 Kg7 29. h3 Bxf3 {Missing the possibility of a
forced win after} (29... g5 30. hxg4 gxh4 31. gxf5 h3 $1 {this I didn't see}
32. Nh4 hxg2 33. b4 Rd4 $19) 30. hxg4 Bxg4 31. Rh1 f4 (31... Bd4 {was simply
winning a pawn.}) 32. Nb5 Rd5 33. Nd6 Bd7 $6 (33... g5 34. Kh2 Be6 35. f3 Bd4
$17) 34. Bc3 g5 $5 ({But maybe better was to recognise the mistake and even
with a tempo down to play} 34... Be6 35. Nxb7 g5 36. Nd6 g4 {with good winning
chances.}) 35. Kh2 Kg6 (35... g4 $5) 36. f3 h5 37. Rf1 Bc6 38. Nc4 (38. Nc8 {
this is what my opponent was claiming after the game as his best chance} Bc5
39. e6 Rd8 40. b4 Rxc8 41. bxc5 Rd8 42. Re1 Rd3 43. Bb4 Rd5 {Of course Black's
position is much better, but different coloured bishops might help White to
escape.}) 38... Bd4 $1 {After this last exchange White's position is hopeless.
The king is worse, the knight is worse than the bishop and even the pawn
structure is bad.} 39. Bxd4 Rxd4 40. Nd6 Rd2 41. Nc8 Kf7 42. Nxa7 Bd7 {!} 43.
b3 Ke6 44. a4 Rb2 45. Rd1 g4 46. Rd4 gxf3 47. Rxf4 Rxg2+ 48. Kh1 Rf2 $1 49. Rh4
(49. Kg1 Kxe5 50. Rh4 Rg2+ 51. Kh1 Bg4 $19) 49... Rb2 50. Kg1 Kxe5 51. Rxh5+
Kf4 52. Nb5 Bg4 0-1

[Event "Olympiad-36"]
[Site "Mallorca"]
[Date "2004.10.27"]
[Round "12"]
[White "Azmaiparashvili, Zurab"]
[Black "Morozevich, Alexander"]
[Result "1/2-1/2"]
[WhiteElo "2672"]
[BlackElo "2758"]
[Annotator "Dautov,R"]
[PlyCount "95"]
[EventDate "2004.10.15"]
[EventType "team-swiss"]
[EventRounds "14"]
[EventCountry "ESP"]
[SourceTitle "CBM 104"]
[Source "ChessBase"]
[SourceDate "2005.01.27"]
[SourceVersion "1"]
[SourceVersionDate "2005.01.27"]
[SourceQuality "1"]
[WhiteTeam "Georgia"]
[BlackTeam "Russia"]
[WhiteTeamCountry "GEO"]
[BlackTeamCountry "RUS"]

1. d4 g6 2. e4 c6 3. c4 d5 4. exd5 cxd5 5. Nc3 Nf6 {Mit einer originellen
Zugumstellung landete die Partie im Panow-Angriff.} 6. cxd5 (6. Qb3) 6... Nxd5
7. Bc4 Nb6 8. Bb3 Bg7 9. d5 O-O 10. Be3 (10. Nge2 Na6 11. Be3 Bg4 (11... Re8
12. O-O Bg4 13. f3 Bd7 14. Qd2 Rc8 15. Rfd1 Nc5 16. Nd4 e6 17. dxe6 Bxe6 18.
Nxe6 Qxd2 19. Rxd2 Bxc3 20. bxc3 Nxb3 21. axb3 Rxe6 22. Bh6 $14 {Sveshnikov,
E-Tregubov,P/Novgorod 1995}) 12. O-O Rc8 13. Bd4 $6 (13. f3 $1 Bd7 14. Bd4 $14)
13... Bxd4 14. Qxd4 Bxe2 15. Nxe2 Qd6 16. Rad1 Nc5 17. Nc3 Rfd8 18. Rfe1 a6 19.
h4 h5 20. Re3 Rc7 21. Rg3 {Schmenger,F-Lytchak,A/Pinneberg 1996} Nxb3 22. axb3
Nd7 $15) 10... Na6 11. Rc1 $2 {Weiß vernachlässigt die Entwicklung und gerät
bereits in der Eröffnung unter Druck., was ihm nach dem richtigen 11.Nge2 kaum
passiert wäre.} (11. Nge2) 11... Bf5 12. a3 (12. Nge2 Nb4 13. O-O Nd3 $15)
12... Rc8 $15 13. Nge2 Nc5 14. Bc2 Nc4 15. Bxf5 gxf5 16. Bxc5 Rxc5 17. Qc2 Nb6
$2 {Ungenau gespielt, das Bauernopfer bringt Schwarz nichts. Das korrekte 17...
Qd7 nebst 18...Rfc8 hielt Weiß weiterhin unter Druck.} (17... Qd7 18. O-O Rfc8
$15) 18. b4 $1 Rc4 19. Qxf5 Qc8 $6 {Setzt weiter auf Initiative, obwohl es an
der Zeit war, den Bauern zurückzuerobern.} (19... Nxd5 20. Nxd5 Rxc1+ 21. Nxc1
e6 22. Qf3 Qxd5 23. Qxd5 exd5 $11) 20. Qd3 Na4 21. Na2 Nb2 22. Qf3 (22. Qb3 $6
Rd8 $15) (22. Qe3 Rd8 23. O-O Rxd5 24. Qxa7 Rxc1 25. Naxc1 Nc4 $44) 22... Rxc1+
23. Naxc1 Qc2 24. O-O Nc4 25. Ng3 (25. Qf4 $5 $16) 25... Nd2 26. Qe2 $16 {
Weiß hat seine Stellung stabilisiert und den Mehrbauern behalten.} Rc8 27. Rd1
Nb1 28. a4 Qc4 29. Qxc4 $2 {Im Endspiel steigen die Rettungschancen des
Nachziehenden, aber Weiß wollte wahrscheinlich eine übersichtliche Stellung
spielen.} (29. Qxe7 $1 Nc3 30. Re1 Qxd5 (30... Nxd5 31. Qxb7 Nxb4 32. Qxa7 $16)
31. Nce2 Nxa4 32. Nf4 Qd2 33. Nfh5 $16) 29... Rxc4 30. Na2 Rc2 $1 (30... Na3 $2
31. Nf5 Bf8 32. Ne3 $16) 31. Rxb1 Rxa2 32. Nf5 Rxa4 $6 {Zwei Züge vom
Ausgleich entfernt, unterläuft Morozevich ein weiterer Fehler. Die letzten
Züge sprechen dafür, daß sich die Gegner bereits in gegenseitiger Zeitnot
befanden.} (32... Bf8 $1 33. a5 Rd2 34. Ne3 Bh6 $11) 33. Nxe7+ Kf8 34. Nf5 Bc3
35. b5 Rf4 36. Ne3 Bd4 $2 (36... Rb4 $1 37. Rxb4 Bxb4 $14) 37. g3 Re4 38. Rb4 (
38. Nf5 $1 Bb6 39. d6 $16) 38... f5 39. Kf1 Bc5 (39... Bxe3 $1 40. Rxe4 fxe4
41. fxe3 Ke7 42. g4 Kd6 43. h4 Kxd5 $11) 40. Rxe4 fxe4 41. Nc4 Ke7 42. Ke2 Kf6
43. Na5 $2 {Nach 34.g4! hätte Schwarz noch einen genauen Remisweg finden
müssen.} (43. g4 $1 a6 44. bxa6 bxa6 45. h4 $16) 43... Ke5 $11 44. Nxb7 Bb6 45.
f4+ exf3+ 46. Kxf3 Kxd5 47. g4 Kc4 48. Nd6+ 1/2-1/2

[Event "Riga Tal Memorial"]
[Site "Riga"]
[Date "1995.??.??"]
[Round "9"]
[White "Ehlvest, Jaan"]
[Black "Timman, Jan H"]
[Result "1-0"]
[WhiteElo "2615"]
[BlackElo "2635"]
[Annotator "Blatny,P"]
[PlyCount "55"]
[EventDate "1995.04.??"]
[EventType "tourn"]
[EventRounds "11"]
[EventCountry "LAT"]
[EventCategory "17"]
[SourceTitle "CBM 047"]
[Source "ChessBase"]
[SourceDate "1995.08.01"]
[SourceVersion "1"]
[SourceVersionDate "1995.08.01"]
[SourceQuality "1"]

1. e4 {Ftacnik} c6 2. c4 d5 3. exd5 Nf6 4. Nc3 cxd5 5. d4 g6 6. Qb3 Bg7 7. cxd5
O-O 8. Be2 Nbd7 9. Bf3 (9. Nh3 Qb6 (9... Nb6 10. Nf4 a5 11. a4 $14 {
Janosevic-Gliksman/Yugoslavia/1967/}) 10. Qd1 Ne8 11. Be3 Ndf6 12. Nf4 Qxb2 13.
Rc1 Nd6 {/\Bd7=/+ Janosevic-Hort/Kopenhagen/1965/}) 9... Nb6 10. Bf4 (10. Nge2
{/\Nf4}) 10... Bf5 (10... e6 11. d6 Bd7 12. Be5 Nbd5 13. Nge2 Bc6 {->
Sveshnikov-Gipslis/USSR/1988/ TD88/11}) (10... a5 11. Nge2 a4 12. Qb5 Bd7 {
-> Sziraki-Lenart/Hungary/1993/ TD93/08}) (10... Bg4 11. Bxg4 Nxg4 12. Nf3 Nf6
13. d6 {-> Brynell-Arkell/Leningrad/1989/ CBM14}) 11. Rd1 Qd7 (11... a5 12. a4
Rc8 13. Qb5 Rc4 {Reinderman-Ravikumar/Dieren op/1990/ EXP19}) 12. h3 {/\g4} h5
13. Nge2 Rfd8 (13... Rad8 14. d6 exd6 15. O-O d5 16. Ng3 $14) 14. d6 exd6 15.
O-O Rac8 (15... d5 16. Be5 (16. Bg5 {Ftacnik} Bg4 $1 17. Bxg4 hxg4 18. h4 $1
Re8 19. Nf4 Ne4 20. Nfxd5 Nxd5 21. Nxd5 Nxg5 22. hxg5 Rad8 23. Nf6+ Bxf6 24.
gxf6 $10 {Georgadze,G-Vaganian,R/URS/1983/}) 16... Bg4 17. hxg4 hxg4 18. Bxf6
Bxf6 19. Ne4 (19. Be4 dxe4 20. Nxe4 Bg7 21. N4c3 Qf5 22. d5 Be5 23. Ng3 Qf4 24.
Nce4 $15 {Mainka,R-Jadoul,M/Luxembourg op (5)/1988/0-1 (47)}) 19... dxe4 20.
Bxe4 Kg7 21. Nc3 Qe7 22. Bd5 g3 23. Rfe1 gxf2+ 24. Kxf2 $17 {Sveshnikov,
E-Burovic,I/Torcy op/1991/0-1 (69)}) 16. Ng3 (16. Rfe1 Re8 17. Ng3 Rxe1+ 18.
Rxe1 Bd3 19. Qd1 Ba6 $10 (19... Ba6 {Ftacnik} 20. Bg5 Re8 21. Nge4 Nxe4 22.
Nxe4 Bc4 23. Nf6+ Bxf6 24. Rxe8+ $10 {Dorfman,I-Tukmakov,V/URS/1978/})) 16...
Rc4 17. Bg5 Rdc8 (17... d5 {Ftacnik} 18. Bxf6 Bxf6 19. Nxd5 $1 $18) 18. Be2 Be6
$2 {/\/^a6-f1} (18... R4c7 $142 19. Nb5 $6 (19. Bxf6 {Ftacnik} Bxf6 20. Nxf5
Qxf5 21. Nb5 Qc2 (21... Rd7 22. Nxa7 $18) 22. Nxc7 $18) 19... Bc2) 19. d5 $1 (
19. Bxc4 {Ftacnik} Bxc4 20. Qc2 Bxf1 21. Nxf1 Nfd5 $15) 19... Bxh3 (19... Nfxd5
20. Nxd5 (20. Bxc4 {Ftacnik} Rxc4 21. Nxd5 $18) 20... Bxd5 21. Rxd5 $18) 20.
Bxc4 Rxc4 21. Bxf6 (21. gxh3 Qxh3 {/\Ng4->} (21... Qxh3 {Ftacnik} 22. Bxf6 h4
23. Bxh4 Rxh4 24. Rfe1 Qh2+ 25. Kf1 Qh3+ $40)) 21... Bxf6 22. Nce4 Be5 23. gxh3
Qxh3 24. f4 (24. Qf3 h4) 24... Bg7 (24... Bd4+ {Ftacnik} 25. Rxd4 (25. Nf2 Qh4
26. Qf3 $18) 25... Rxd4 26. Nf6+ Kh8 27. Re1 Qh4 28. Re8+ Kg7 29. Nfxh5+ Kh7
30. Qc3 gxh5 31. Qc2+ $18) 25. Ng5 Qg4 26. Qf3 $18 Bd4+ 27. Rxd4 Rxd4 28. Qe3 (
28. Qxg4 {Ftacnik} hxg4 $14) (28. Qe3 {Ftacnik} Kf8 29. Qxd4 Qxg3+ 30. Kh1 Qh4+
31. Kg2 $18) 1-0

[Event "Hoogovens"]
[Site "Wijk aan Zee"]
[Date "1998.01.27"]
[Round "10"]
[White "Gelfand, Boris"]
[Black "Van Wely, Loek"]
[Result "1/2-1/2"]
[WhiteElo "2675"]
[BlackElo "2605"]
[Annotator "Mueller,Karsten"]
[PlyCount "74"]
[EventDate "1998.01.16"]
[EventType "tourn"]
[EventRounds "13"]
[EventCountry "NED"]
[EventCategory "17"]
[SourceTitle "CBM 063"]
[Source "ChessBase"]
[SourceDate "1998.03.26"]
[SourceVersion "1"]
[SourceVersionDate "1998.03.26"]
[SourceQuality "1"]

1. Nf3 Nf6 2. c4 e6 3. Nc3 d5 4. d4 c5 5. cxd5 Nxd5 6. e3 cxd4 7. exd4 Bb4 8.
Bd2 O-O 9. Bd3 Nc6 10. O-O Be7 11. a3 Bf6 12. Be3 g6 $5 {häufig kommt Schwarz
nicht ohne diesen Zug aus. Warum also nicht gleich?} (12... Nxc3 13. bxc3 b6
$11 {Miezis,N-Pogorelov,R/Anibal op4th 1997/CBM 58/[Mueller,Ka]/0-1 (68)}) (
12... Nxe3 13. fxe3 g6 14. Be4 Bd7 15. Qe2 Rb8 16. Rad1 $14 {1/2-1/2 Sunye
Neto,J-Van Riemsdijk,H/BRA-ch 1995/EXT 95ch (51)}) (12... Nce7 13. Be4 Bd7 14.
Qd3 h6 15. Ne5 Rc8 16. Ng4 Bc6 $11 {0-1 Prokopchuk,E-Lastin,A/RUS-Cup4 1997/
CBM 58/[Mueller,Ka] (34)}) 13. Rc1 Nxc3 14. bxc3 b6 15. Bh6 Bg7 16. Bg5 Qc7 17.
c4 Bb7 {der Bauer d4 ist vergiftet:} (17... Nxd4 $2 18. Nxd4 Bxd4 19. Be4 $18)
(17... Bxd4 $2 18. Nxd4 Nxd4 19. Be4 Nc6 20. Bh6 Bb7 (20... Rd8 $2 21. Qf3 Bb7
22. Qf6 Qe5 23. Qxe5 Nxe5 24. Bxb7 $18) 21. Bxf8 $16) 18. d5 Ne5 19. Be4 Qd6 (
19... Nxc4 $2 20. d6 Qxd6 21. Bxb7 $18) 20. Bf4 exd5 {wickelt geradlinig in
ein remises Turmendspiel ab.} ({Mit} 20... Nxf3+ $5 {hätte Loek van Wely eine
unklare Stellung mit beiderseitigen Chancen herbeiführen können:} 21. Qxf3 e5
22. Bd2 f5 23. Bb1 e4 24. Qb3 Bd4 $132) 21. Bxd5 Bxd5 22. Bxe5 Bxe5 23. Nxe5
Qxe5 24. Qxd5 Qxd5 (24... Qe7 $5) 25. cxd5 Rfd8 26. Rfd1 Rac8 27. Rxc8 Rxc8 28.
g3 Kf8 29. d6 Rd8 30. g4 g5 31. Kg2 Kg7 32. Rd5 Kf6 33. Rf5+ Kg6 34. Rd5 h6 35.
f4 gxf4 36. Kf3 Kf6 37. Kxf4 Ke6 1/2-1/2